Úrokový počet na príklade určenia súčasnej hodnoty dlhodobých pohľadávok (spájanie teórie s praxou)

Slovenská úprava oceňovania dlhodobých pohľadávok. Teoretické a praktické aspekty odúročovania dlhodobých pohľadávok pre potreby určenia ich súčasnej hodnoty. Príklad výpočtu súčasnej hodnoty dlhodobej pohľadávky pri použití odvodených matematických postupov.

Saved in:
Bibliographic Details
Main Author: Maděra, František
Format: Book Chapter
Language:Slovak
Subjects:
Tags: Add Tag
No Tags, Be the first to tag this record!

MARC

LEADER 00000nla$a2200000$$$4500
001 0141909
005 20240502072538.0
041 0 |a slo 
044 |a SK 
245 1 0 |a Úrokový počet na príklade určenia súčasnej hodnoty dlhodobých pohľadávok (spájanie teórie s praxou)  |c František Maděra 
520 |a Slovenská úprava oceňovania dlhodobých pohľadávok. Teoretické a praktické aspekty odúročovania dlhodobých pohľadávok pre potreby určenia ich súčasnej hodnoty. Príklad výpočtu súčasnej hodnoty dlhodobej pohľadávky pri použití odvodených matematických postupov. 
610 2 0 |a účtovníctvo 
610 2 0 |a účtovníctvo podvojné 
610 2 0 |a pohľadávky 
610 2 0 |a účtovanie 
610 2 0 |a položky opravné 
610 2 0 |a hodnota reálna 
610 2 0 |a postupy účtovné 
610 2 0 |a jednotka účtovná 
610 2 0 |a miera úroková 
610 2 0 |a oceňovanie 
100 1 |a Maděra, František